top 15 kraji pod względem produkcji węgla - Statystyki

Ogólne statystyki
  • Ten quiz został rozwiązany 128 razy
  • Średni wynik to 11 z 15
Statystyki odpowiedzi
Miejsce Kraj % Poprawnych
6 Rosja
98%
1 Chiny
97%
9 Polska
96%
3 Stany Zjednoczone
96%
8 Niemcy
92%
2 Indie
84%
13 Kanada
84%
4 Australia
79%
7 Południowa Afryka
66%
10 Kazachstan
65%
15 Czechy
52%
5 Indonezja
46%
12 Kolumbia
41%
11 Turcja
41%
14 Mongolia
40%
Nie znaleziono quizów pasujących do podanych kryteriów
Rozkład punktacji
Procent ludzi z każdym wynikiem
Percentyl według liczby udzielonych odpowiedzi
Twoja historia wyników
Nie rozwiązałeś tego quizu